000 01155nam a2200289 a 4500
001 BRL_1330
005 20190320211143.0
008 070114s1988----mx-ab#####---#000-0#spa-#
020 _a9686191089
041 _aspa
044 _amx
050 4 _aE99.N3
_b.T45 1988
245 1 0 _aTejidos Navajos
_bdiseños indígenas : Centro Cultural-Arte Contemporaneo, julio-octubre 1988
_cFotografía The Machida City Museum, Tokio ; traducción Carmen Corona.
260 _aMéxico
_bFundación Cultural Televisa : Centro Cultural / Arte Contemporáneo
_c1988
300 _a55 p.
_bil., láminas, mapas
_c29 cm.
500 _aAu1595
500 _aTraducción de: Walk in beauty, the Navajo and their Blankets.
504 _aBibliografía: p. 55
600 1 4 _aBerlant, Anthony
_vCatálogos
_xColección etnológica
_926545
650 1 4 _aNavajos
_vCatálogos
_xFábricas textiles
_926546
650 1 4 _aFábricas textiles indígenas
_vCatálogos
_zMéxico
_926547
650 1 4 _aNavajos
_vCatálogos
_xAntigüedades
_926548
700 1 _aCorona, Carmen
_etr.
_96833
710 2 _aCentro Cultural/Arte Contemporáneo (Mexico)
_93725
902 _aGRL
942 _2lcc
_cB
999 _c10142
_d10142